000 00265nam a2200121Ia 4500
008 190216s9999||||xx |||||||||||||| ||und||
100 _aNull
245 0 _aModern Business Methods
260 _bSouth Asian Pubs
300 _a309p
650 _aCommerce
942 _cBK
999 _c4583
_d4583